000 00984cam a2200301 4500
008 000000n2000 000 0 eng u
020 _a184219013X
022 _a1464-648X
035 _a(Sirsi) u105429
041 _aeng
100 _aBest, Gary
245 _aWhole life cost data for the mechanical and electrical building services
_ba review of published energy, maintenance and component life data
260 _aLondon
_bRICS Research Foundation
_c2000
300 _a16p.
_c30cm.
490 _aRICS Foundation Research Review Series
650 _aLIFE CYCLE COSTING
650 _aWHOLE LIFE COSTS
650 _aELECTRICAL SERVICES
650 _aMECHANICAL SERVICES
650 _aRefurbishment
_96264
650 _aENERGY CONSUMPTION
650 _aMAINTENANCE COSTS
690 _aBUILT ENVIRONMENT
700 _aDixon, Sandra Jane
700 _aHall, Gerald R.
710 _aRoyal Institution of Chartered Surveyors
_bResearch Foundation
_93861
942 _n0
999 _c100392
_d100392